00533nam a2200181Ia 450000500170000000800410001702000150005805000210007310000350009424500980012925000190022726000330024630000180027933600100029733700140030733800120032165000180033320231102150852.0120626s2006 mx 000 0 spa d a9700765946 aKGF409bR65 2006 aRojina Villegas, Rafaeleautor aCompendio de derecho civil Ib: introducción, personas y familiac / Rafael Rojina Villegas a37a. edición aMéxicob: Porrúac, 2006 a540 páginas atexto asin medio avolumen aDERECHO CIVIL